[Event "Madrid-ch Previa-A"]
[Site "Madrid"]
[Date "2025.02.05"]
[Round "3.6"]
[White "Marcos Herrero, Francisco"]
[Black "De la Orden Alcocer, Alejandro"]
[Result "1/2-1/2"]
[WhiteElo "1840"]
[BlackElo "1927"]
[PlyCount "43"]
[GameId "2144340872073449"]
[EventDate "2025.02.03"]
[EventType "swiss"]
[EventRounds "9"]
[EventCountry "ESP"]

1. c4 c5 2. Nc3 Nc6 3. g3 g6 4. Bg2 Bg7 5. Nf3 Nf6 6. O-O O-O 7. d3 d6 8. Rb1 Rb8 9. a3 a6 10. b4 cxb4 11. axb4 b5 12. cxb5 axb5 13. Bg5 Bg4 14. Qd2 Qd7 15. Rfc1 Rfc8 16. Bh6 Bh3 17. Bxg7 Bxg2 18. Bxf6 Bxf3 19. exf3 exf6 20. Nd5 Qf5 21. Rxc6 Qxd5 22. Rxc8+ 1/2-1/2

[Event "Madrid-ch Previa-A"]
[Site "Madrid"]
[Date "2025.02.05"]
[Round "3.7"]
[White "Lorenzo Bailador, Alfredo"]
[Black "Marquez Misel, Michael Angel"]
[Result "1-0"]
[WhiteElo "1927"]
[BlackElo "1879"]
[PlyCount "109"]
[GameId "2144342068326661"]
[EventDate "2025.02.03"]
[EventType "swiss"]
[EventRounds "9"]
[EventCountry "ESP"]

1. e4 c5 2. c3 Nf6 3. e5 Nd5 4. d4 cxd4 5. Nf3 Nc6 6. Bc4 Nb6 7. Bb3 d5 8. exd6 Qxd6 9. O-O Be6 10. Bxe6 Qxe6 11. Nxd4 Nxd4 12. Qxd4 Rd8 13. Qb4 Qe2 14. Qa5 Rd1 15. Nd2 Rxf1+ 16. Nxf1 Qa6 17. Qxa6 bxa6 18. b3 e6 19. c4 Bc5 20. Be3 Bxe3 21. Nxe3 Ke7 22. Kf1 Rd8 23. Ke2 Rd4 24. Rd1 Rxd1 25. Nxd1 Kd6 26. Kd3 Kc5 27. Kc3 a5 28. Nb2 Nd7 29. Nd3+ Kc6 30. Kd4 f6 31. f4 h5 32. g3 Nb6 33. a3 Nc8 34. h3 Nd6 35. g4 hxg4 36. hxg4 Nf7 37. b4 Nh6 38. Nf2 Nf7 39. b5+ Kb6 40. a4 e5+ 41. fxe5 Nxe5 42. Kd5 Kc7 43. c5 Kd7 44. g5 Nf3 45. gxf6 gxf6 46. Ng4 Nd2 47. Nxf6+ Kc8 48. Ne4 Nb3 49. Kd6 Nc1 50. Nd2 Nd3 51. Nc4 Kb8 52. c6 Kc8 53. c7 Nb4 54. Nxa5 Nd3 55. Nc6 1-0

[Event "Madrid-ch Previa-A"]
[Site "Madrid"]
[Date "2025.02.05"]
[Round "3.8"]
[White "Bocancea, Cristian Andrei"]
[Black "Nunez Munoz, Jesus"]
[Result "1/2-1/2"]
[WhiteElo "1905"]
[BlackElo "1996"]
[PlyCount "69"]
[GameId "2145059534127262"]
[EventDate "2025.02.03"]
[EventType "swiss"]
[EventRounds "9"]
[EventCountry "ESP"]

1. d4 Nf6 2. c4 e6 3. Nc3 Bb4 4. e3 c5 5. Nge2 cxd4 6. exd4 d5 7. a3 Bxc3+ 8. Nxc3 dxc4 9. Bxc4 Nc6 10. Be3 O-O 11. O-O b6 12. d5 Na5 13. Ba2 exd5 14. Nxd5 Bb7 15. Nxf6+ Qxf6 16. Qg4 Bc8 17. Qd4 Qxd4 18. Bxd4 Be6 19. Bxe6 fxe6 20. Bc3 Rf5 21. Rad1 Rd5 22. Rde1 Re8 23. Re4 Nb7 24. Rfe1 Nc5 25. Re5 Rxe5 26. Rxe5 Kf7 27. Re3 Nd7 28. Rf3+ Kg8 29. Rd3 Nc5 30. Re3 Kf7 31. Rf3+ Kg8 32. Re3 Kf7 33. Rf3+ Kg8 34. Re3 Kf7 35. Rf3+ 1/2-1/2

[Event "Madrid-ch Previa-A"]
[Site "Madrid"]
[Date "2025.02.05"]
[Round "3.9"]
[White "Balsera Gomez, Antonio"]
[Black "Gal, Eugen"]
[Result "0-1"]
[WhiteElo "1873"]
[BlackElo "1971"]
[PlyCount "62"]
[GameId "2144955117412550"]
[EventDate "2025.02.03"]
[EventType "swiss"]
[EventRounds "9"]
[EventCountry "ESP"]

{[%evp 0,39,11,21,21,18,16,18,27,29,46,37,55,82,67,70,76,74,73,76,66,172,71,55,55,37,-11,29,42,68,82,89,97,60,145,105,117,98,168,28,150,60]} 1. e4 e5 2. Nf3 Nc6 3. Nc3 Bc5 4. Nxe5 Bxf2+ 5. Kxf2 Nxe5 6. d4 Ng6 7. Bc4 N8e7 8. Rf1 c6 9. Kg1 d5 10. exd5 cxd5 11. Bb3 O-O 12. Qh5 Be6 13. Ne2 Qd7 14. h3 Nc6 15. c3 Rae8 16. Nf4 Na5 17. Bc2 Rc8 18. Nd3 Nc6 19. Nc5 Qe8 20. Nxb7 Nxd4 21. Nd6 Qd7 22. Nxc8 Nxc2 23. Rb1 Rxc8 24. Qf3 d4 25. Qd3 Bxa2 26. Bd2 Bxb1 27. Rxb1 Qa4 28. Rc1 Na1 29. Qf5 Rf8 30. Rf1 Nb3 31. Qc2 Qc4 0-1

[Event "Madrid-ch Previa-A"]
[Site "Madrid"]
[Date "2025.02.05"]
[Round "3.10"]
[White "Lopez de Turiso, Jose Angel"]
[Black "Pinan Gaviria, Jose"]
[Result "0-1"]
[WhiteElo "1967"]
[BlackElo "1803"]
[PlyCount "102"]
[GameId "2144953091760309"]
[EventDate "2025.02.03"]
[EventType "swiss"]
[EventRounds "9"]
[EventCountry "ESP"]

1. Nc3 g6 2. e4 d6 3. d4 Nd7 4. f4 Bg7 5. Nf3 c5 6. Be2 cxd4 7. Nxd4 Ngf6 8. Be3 Nc5 9. Bf3 O-O 10. O-O a6 11. h3 Qc7 12. Qd2 Rd8 13. Nb3 Nxb3 14. axb3 Rb8 15. Ba7 Ra8 16. Qf2 Re8 17. Rfd1 Be6 18. Bb6 Qc8 19. g4 h5 20. f5 hxg4 21. hxg4 Bd7 22. Kg2 gxf5 23. gxf5 Bc6 24. Qh4 Nd7 25. Bd4 Ne5 26. Bxe5 dxe5 27. Qg5 f6 28. Qg6 Rd8 29. Be2 b5 30. Bd3 Be8 31. Qg4 Bc6 32. Kf3 Rd6 33. Rg1 Qf8 34. Rg2 e6 35. Rag1 Ra7 36. Ke2 exf5 37. Qxf5 Re7 38. Nd1 Bd7 39. Qh5 f5 40. Ne3 f4 41. Nd5 Rxd5 42. exd5 e4 43. Rxg7+ Rxg7 44. Rxg7+ Qxg7 45. Qh2 exd3+ 46. Kxd3 Qg3+ 47. Qxg3+ fxg3 48. Ke3 Bg4 49. c4 Kf8 50. c5 Ke7 51. b4 Kd7 0-1

[Event "Madrid-ch Previa-A"]
[Site "Madrid"]
[Date "2025.02.05"]
[Round "3.11"]
[White "Lopez Heras, Arturo"]
[Black "Pastor Alonso De Prado, Alberto"]
[Result "1-0"]
[WhiteElo "1828"]
[BlackElo "1963"]
[PlyCount "31"]
[GameId "2144952734609574"]
[EventDate "2025.02.03"]
[EventType "swiss"]
[EventRounds "9"]
[EventCountry "ESP"]

1. c4 b6 2. d4 e6 3. Nc3 Bb7 4. e4 Bb4 5. Bd3 f5 6. f3 Nh6 7. Nge2 fxe4 8. Bxe4 Bxe4 9. fxe4 Qh4+ 10. g3 Qxe4 11. O-O Qg6 12. Nb5 Bd6 13. Bf4 e5 14. Nxd6+ cxd6 15. dxe5 Ng8 16. Qd5 1-0

[Event "Madrid-ch Previa-A"]
[Site "Madrid"]
[Date "2025.02.05"]
[Round "3.12"]
[White "Alonso Anton, Carlos"]
[Black "Sanchez Rodriguez, Jaime"]
[Result "1-0"]
[WhiteElo "1856"]
[BlackElo "1952"]
[PlyCount "113"]
[GameId "2144950189629591"]
[EventDate "2025.02.03"]
[EventType "swiss"]
[EventRounds "9"]
[EventCountry "ESP"]

1. d4 d5 2. Nf3 e6 3. e3 Bd6 4. Bd3 f5 5. c4 c6 6. Nc3 Nf6 7. O-O O-O 8. cxd5 exd5 9. Ne5 Bxe5 10. dxe5 Ng4 11. f4 Be6 12. h3 Nh6 13. Ne2 c5 14. b3 Nc6 15. Bb2 Qb6 16. Qd2 Rfd8 17. Rab1 Nb4 18. Nc1 Rd7 19. Qf2 Nf7 20. Be2 d4 21. exd4 cxd4 22. Bd3 Nd8 23. a3 Nxd3 24. Nxd3 Qb5 25. Qd2 b6 26. b4 Bc4 27. Rfd1 Ne6 28. g3 Qd5 29. Qg2 Qe4 30. Nf2 Qxg2+ 31. Kxg2 g5 32. fxg5 Bd5+ 33. Kf1 Nxg5 34. Rxd4 Rad8 35. Ke2 Ne6 36. Rdd1 f4 37. g4 f3+ 38. Ke3 Ng5 39. h4 Ne6 40. Rd2 b5 41. Rbd1 Kf7 42. Ne4 Nc7 43. Nf6 Ke6 44. Nxd7 Rxd7 45. Kf2 h6 46. Re1 Rf7 47. Bd4 a6 48. Bc5 Rf4 49. Rd4 Rf7 50. Bd6 Ne8 51. Bc5 Nc7 52. Bb6 Rd7 53. Rf4 Ne8 54. Rf8 Ke7 55. Bc5+ Kd8 56. e6 Rg7 57. Rd1 1-0

[Event "Madrid-ch Previa-A"]
[Site "Madrid"]
[Date "2025.02.05"]
[Round "3.13"]
[White "Urosa Sanchez, Pablo"]
[Black "Marin Aso, Jose Luis"]
[Result "0-1"]
[WhiteElo "1829"]
[BlackElo "1948"]
[PlyCount "82"]
[GameId "2144949382553736"]
[EventDate "2025.02.03"]
[EventType "swiss"]
[EventRounds "9"]
[EventCountry "ESP"]

1. e4 c5 2. c3 e6 3. d4 d5 4. e5 Nc6 5. Nf3 Qb6 6. a3 c4 7. Nbd2 Na5 8. Be2 f6 9. exf6 gxf6 10. Nh4 Bd7 11. Bh5+ Kd8 12. O-O Bd6 13. Re1 Kc7 14. Nf1 Nb3 15. Rb1 Nxc1 16. Qxc1 Rf8 17. Kh1 Kb8 18. Bg4 Bc7 19. Re2 Ne7 20. Qd2 Ng6 21. Nxg6 hxg6 22. Rbe1 Qd6 23. f4 f5 24. Bf3 Qxf4 25. Qxf4 Bxf4 26. g3 Bc7 27. Kg1 g5 28. Nd2 g4 29. Bh1 Rf6 30. Rf1 Rfh6 31. Rg2 Ba4 32. Rff2 Bc2 33. Kf1 Bd3+ 34. Kg1 Kc8 35. b4 cxb3 36. Nxb3 Be4 37. Nc5 Bxg2 38. Rxg2 b6 39. Nd3 Kd7 40. a4 Bd6 41. Nc1 f4 0-1

[Event "Madrid-ch Previa-A"]
[Site "Madrid"]
[Date "2025.02.05"]
[Round "3.14"]
[White "Vazquez Gonzalez, Francisco"]
[Black "Cujba, Anca Claudia"]
[Result "1-0"]
[WhiteElo "1965"]
[BlackElo "1747"]
[PlyCount "115"]
[GameId "2145062557016405"]
[EventDate "2025.02.03"]
[EventType "swiss"]
[EventRounds "9"]
[EventCountry "ESP"]

1. e4 c6 2. c3 d5 3. e5 Bf5 4. d4 e6 5. Nf3 c5 6. Be2 Nc6 7. O-O Rc8 8. Be3 cxd4 9. cxd4 Bb4 10. Nbd2 Nge7 11. Nb3 Ng6 12. Rc1 O-O 13. h3 Re8 14. Nh2 Nh4 15. Bd3 Bxd3 16. Qxd3 Nf5 17. g4 Nxe3 18. fxe3 Qh4 19. Kg2 Qh6 20. Rf3 Be7 21. Rcf1 Nb4 22. Qb5 Rc2+ 23. Kh1 Rec8 24. Qxb7 R2c7 25. Qb5 a6 26. Qa5 Nc2 27. Qxa6 Nxe3 28. Re1 Nc4 29. Re2 Qg6 30. Kg2 Bg5 31. Nf1 h5 32. gxh5 Qxh5 33. Nc5 Bf4 34. Ref2 Qg5+ 35. Kh1 Bc1 36. Rxf7 Qh5 37. R7f3 Bxb2 38. Qxe6+ Kh7 39. Qxd5 Bxd4 40. Qxd4 Rxc5 41. Qd3+ Kg8 42. Rf5 Qh4 43. e6 Ne5 44. Qg3 Qe4+ 45. Kh2 R5c6 46. Qxe5 Qh4 47. Ng3 Rc2 48. e7 Rxf2+ 49. Rxf2 Re8 50. Qe6+ Kh7 51. Qf5+ Kh6 52. Qe6+ Kh7 53. Re2 Qf4 54. Qe4+ Qxe4 55. Rxe4 Kg6 56. a4 Kf6 57. a5 Kf7 58. Nf5 1-0

[Event "Madrid-ch Previa-A"]
[Site "Madrid"]
[Date "2025.02.05"]
[Round "3.15"]
[White "Fernandez Garcia, Ignacio"]
[Black "Camarero Izquierdo, Juan Carlos"]
[Result "1-0"]
[WhiteElo "1790"]
[BlackElo "1936"]
[PlyCount "103"]
[GameId "2145065394057577"]
[EventDate "2025.02.03"]
[EventType "swiss"]
[EventRounds "9"]
[EventCountry "ESP"]

1. e4 c5 2. c3 d5 3. exd5 Qxd5 4. Qf3 Qe5+ 5. Qe3 Qc7 6. Bb5+ Bd7 7. Na3 a6 8. Bxd7+ Nxd7 9. Nf3 Ngf6 10. d3 e6 11. Nc4 Nd5 12. Qg5 b5 13. Ne3 Nf4 14. O-O f6 15. Qg4 f5 16. Nxf5 Ne2+ 17. Kh1 exf5 18. Qxf5 Nxc1 19. Qe4+ Kf7 20. Qxa8 Nb6 21. Qe4 Nxd3 22. Qxd3 Be7 23. Qf5+ Bf6 24. Ng5+ Kg8 25. Qe6+ Kf8 26. Qxf6+ gxf6 27. Ne6+ Ke7 28. Nxc7 Kd6 29. Nxa6 Ra8 30. Nxc5 Kxc5 31. b3 Nd5 32. Rfc1 Nf4 33. Rc2 h5 34. g3 Ng6 35. Re1 Ne5 36. f4 Ng4 37. h3 Nh6 38. c4 b4 39. Rd2 Rf8 40. Rd5+ Kc6 41. Re6+ Kc7 42. Rxh5 Ng8 43. Rh7+ Kd8 44. Ra6 Ne7 45. Rd6+ Ke8 46. Re6 Rf7 47. Rxe7+ Rxe7 48. Rxe7+ Kxe7 49. Kg2 Ke6 50. g4 Kd6 51. Kf3 Ke6 52. Ke4 1-0

[Event "Madrid-ch Previa-A"]
[Site "Madrid"]
[Date "2025.02.05"]
[Round "3.16"]
[White "Lozano Argueso, Cesar"]
[Black "De Dompablo Fantova, Juan"]
[Result "1-0"]
[WhiteElo "1935"]
[BlackElo "1782"]
[PlyCount "63"]
[GameId "2145073240793470"]
[EventDate "2025.02.03"]
[EventType "swiss"]
[EventRounds "9"]
[EventCountry "ESP"]

1. e4 e5 2. Nf3 Nc6 3. Bb5 Nf6 4. d3 Bc5 5. O-O d6 6. c3 O-O 7. Re1 Bg4 8. Nbd2 Bb6 9. h3 Bh5 10. Nf1 Bg6 11. Ng3 Nd7 12. a4 a5 13. Bc4 Kh8 14. d4 Ne7 15. Nh4 c6 16. Bg5 f6 17. Nxg6+ hxg6 18. Bc1 Ng8 19. Qg4 Kh7 20. Be6 Nb8 21. Bf5 gxf5 22. Qh4+ Nh6 23. Bxh6 gxh6 24. Nxf5 Kg6 25. Qxh6+ Kf7 26. Qh5+ Ke6 27. Qg4 Kd7 28. dxe5 Kc7 29. exd6+ Kd7 30. Ng7+ Kxd6 31. Rad1+ Kc5 32. Ne6+ 1-0

[Event "Madrid-ch Previa-A"]
[Site "Madrid"]
[Date "2025.02.05"]
[Round "3.17"]
[White "Guardiola Sevilla, Antonio"]
[Black "Moreno Torrero, Javier"]
[Result "0-1"]
[WhiteElo "1777"]
[BlackElo "1900"]
[PlyCount "100"]
[GameId "2145081078100368"]
[EventDate "2025.02.03"]
[EventType "swiss"]
[EventRounds "9"]
[EventCountry "ESP"]

1. e4 c5 2. Nf3 Nc6 3. d4 cxd4 4. Nxd4 Nf6 5. Nc3 e5 6. Nb3 d6 7. Be2 Be7 8. O-O Be6 9. Be3 O-O 10. f3 a6 11. Nd5 Bxd5 12. exd5 Na5 13. c4 Qc7 14. Nd2 b5 15. Rc1 Nxc4 16. Nxc4 bxc4 17. Bxc4 Qb7 18. b3 Bd8 19. Qd3 Bb6 20. Bxb6 Qxb6+ 21. Kh1 Rfe8 22. Rfe1 Re7 23. Qe3 Qxe3 24. Rxe3 Rc7 25. Rd1 Nd7 26. g4 Nb6 27. Re4 a5 28. Kg2 Rac8 29. Rb1 Kf8 30. Rb2 Ke7 31. Kg3 Rc5 32. f4 f6 33. fxe5 fxe5 34. h4 Nxd5 35. Rd2 Nb6 36. Bd3 Rc3 37. h5 Nd5 38. Kh4 Nf4 39. Bf1 h6 40. Rf2 Kf6 41. Rd2 R8c6 42. Rc4 R6xc4 43. bxc4 Ke6 44. g5 hxg5+ 45. Kxg5 Rg3+ 46. Kh4 Rg1 47. Rf2 Rh1+ 48. Kg3 Rxh5 49. Rc2 Rh1 50. Bg2 Rg1 0-1

[Event "Madrid-ch Previa-A"]
[Site "Madrid"]
[Date "2025.02.05"]
[Round "3.18"]
[White "Huerta Navarro, Eusebio"]
[Black "Albert Aparicio, Ismael"]
[Result "1/2-1/2"]
[WhiteElo "1772"]
[BlackElo "1886"]
[PlyCount "166"]
[GameId "2145088990253473"]
[EventDate "2025.02.03"]
[EventType "swiss"]
[EventRounds "9"]
[EventCountry "ESP"]

1. e4 e5 2. Nf3 Nc6 3. Nc3 Nf6 4. Bb5 Bc5 5. O-O d6 6. d4 exd4 7. Nxd4 Bd7 8. Bxc6 bxc6 9. Bg5 O-O 10. Nb3 Bb4 11. Qf3 Bxc3 12. Qxc3 Nxe4 13. Bxd8 Nxc3 14. Bxc7 Nb5 15. Ba5 Rac8 16. c4 Nc7 17. Bxc7 Rxc7 18. Rfd1 Be6 19. Rxd6 Bxc4 20. Rc1 Bxb3 21. axb3 Rfc8 22. b4 Kf8 23. Kf1 Ke7 24. Rd3 Rd7 25. Rdc3 Kd6 26. Rc5 Rb7 27. b5 Rbc7 28. bxc6 Rxc6 29. Rxc6+ Rxc6 30. Ra1 a6 31. Ke2 Kc7 32. Kd3 Kb6 33. Ra4 Rh6 34. h4 Kb5 35. Rf4 Rd6+ 36. Kc3 f6 37. Rf5+ Kc6 38. Ra5 Kb6 39. Rf5 g6 40. Rf4 a5 41. b3 h5 42. Rf3 g5 43. Rf5 Rc6+ 44. Kb2 gxh4 45. Rxh5 Re6 46. Rf5 Kc7 47. Ka3 Re5 48. Rxf6 Rg5 49. g3 hxg3 50. fxg3 Rxg3 51. Ka4 Rh3 52. Ra6 Kb7 53. Rxa5 Kb6 54. Rg5 Rh4+ 55. b4 Rh6 56. Rg8 Rf6 57. Rb8+ Ka7 58. Rc8 Kb6 59. Rb8+ Ka7 60. Rb5 Ka6 61. Rc5 Kb6 62. Rc8 Kb7 63. Rd8 Kb6 64. Rb8+ Ka7 65. Rb5 Ka6 66. Ra5+ Kb6 67. Ra8 Kb7 68. Re8 Kb6 69. Re7 Rh6 70. Re5 Rg6 71. Rd5 Rh6 72. Kb3 Rh3+ 73. Kc4 Rh4+ 74. Rd4 Rxd4+ 75. Kxd4 Kb5 76. Kc3 Kb6 77. Kc4 Kc6 78. b5+ Kb6 79. Kb4 Kb7 80. Kc5 Kc7 81. b6+ Kb7 82. Kb5 Kb8 83. Kc6 Kc8 1/2-1/2

[Event "Madrid-ch Previa-A"]
[Site "Madrid"]
[Date "2025.02.05"]
[Round "3.19"]
[White "Rubio Rivera, Felix"]
[Black "Dominguez Garcia, Jose Manuel"]
[Result "1-0"]
[WhiteElo "1727"]
[BlackElo "1863"]
[PlyCount "93"]
[GameId "2145093329170867"]
[EventDate "2025.02.03"]
[EventType "swiss"]
[EventRounds "9"]
[EventCountry "ESP"]

1. e4 e6 2. d4 d5 3. Nd2 Nf6 4. e5 Nfd7 5. f4 c5 6. c3 Nc6 7. Ndf3 cxd4 8. cxd4 Qb6 9. a3 Na5 10. b4 Nc4 11. Bxc4 dxc4 12. Ne2 Qc6 13. Nc3 b5 14. d5 exd5 15. Qxd5 Qxd5 16. Nxd5 Kd8 17. Nc3 a6 18. Be3 Bb7 19. Rd1 Be7 20. Nd5 Bxd5 21. Rxd5 Kc7 22. Ke2 Rhd8 23. Rhd1 Nf8 24. f5 Rxd5 25. Rxd5 Rd8 26. Rxd8 Bxd8 27. g4 Kc6 28. Bd4 Kd5 29. Ke3 Nd7 30. h4 g6 31. Bc3 Bc7 32. Kf4 f6 33. fxg6 hxg6 34. h5 gxh5 35. gxh5 Nxe5 36. Nxe5 Bxe5+ 37. Kf5 Bxc3 38. h6 Bxb4 39. axb4 c3 40. h7 Kc4 41. h8=Q Kxb4 42. Qxf6 a5 43. Qd4+ Kb3 44. Qd5+ Ka4 45. Qa2+ Kb4 46. Ke4 a4 47. Kd3 1-0

[Event "Madrid-ch Previa-A"]
[Site "Madrid"]
[Date "2025.02.05"]
[Round "3.20"]
[White "Fernandez Rios, Jose Francisco"]
[Black "Barahona Torrijos, Angel"]
[Result "0-1"]
[WhiteElo "1720"]
[BlackElo "1828"]
[PlyCount "102"]
[GameId "2145094388511180"]
[EventDate "2025.02.03"]
[EventType "swiss"]
[EventRounds "9"]
[EventCountry "ESP"]

1. d4 Nf6 2. c4 e6 3. Nc3 d5 4. cxd5 exd5 5. Bg5 Be7 6. e3 h6 7. Bh4 O-O 8. Bd3 c6 9. Qc2 Ne8 10. Bxe7 Qxe7 11. Nge2 Nd6 12. O-O Nd7 13. Ng3 Nf6 14. Rae1 Be6 15. a3 h5 16. Nf5 Nxf5 17. Bxf5 Bxf5 18. Qxf5 g6 19. Qd3 Rfe8 20. b4 a5 21. Rb1 axb4 22. axb4 Ra3 23. Qc2 Rea8 24. Rb3 Ne4 25. Nxe4 Qxe4 26. Qxe4 dxe4 27. Rxa3 Rxa3 28. Rb1 Kf8 29. g3 Rc3 30. Kf1 Ke7 31. Ke1 Rc2 32. b5 c5 33. Ra1 Rb2 34. dxc5 Rxb5 35. Ra7 Kd7 36. Kd2 Kc6 37. Ra8 Rxc5 38. Rf8 Rf5 39. Ke2 Rf6 40. Re8 Re6 41. Rf8 f5 42. Kd2 b5 43. Kc2 Kd5 44. Rb8 Kc4 45. Rc8+ Kb4 46. Rb8 Rc6+ 47. Kb2 Kc4 48. Rd8 b4 49. Rd4+ Kb5 50. Kb3 Rc3+ 51. Kb2 Rd3 0-1

[Event "Madrid-ch Previa-A"]
[Site "Madrid"]
[Date "2025.02.05"]
[Round "3.21"]
[White "Yaniz Lana, Francisco Javier"]
[Black "Hernandez Gutierrez, Jose"]
[Result "0-1"]
[WhiteElo "1716"]
[BlackElo "1825"]
[PlyCount "74"]
[GameId "2145095268180445"]
[EventDate "2025.02.03"]
[EventType "swiss"]
[EventRounds "9"]
[EventCountry "ESP"]

1. d4 d5 2. Nf3 Nf6 3. Bf4 c5 4. e3 Nc6 5. Nbd2 cxd4 6. exd4 Bf5 7. c3 e6 8. Qb3 Qc8 9. Nh4 Bg6 10. Nxg6 hxg6 11. Bd3 Be7 12. Nf3 Nh5 13. Be5 Nxe5 14. Nxe5 Nf4 15. Bb5+ Kf8 16. g3 Nh3 17. Bd7 Qc7 18. Bxe6 fxe6 19. Nxg6+ Kf7 20. Nxh8+ Rxh8 21. Qd1 Bf6 22. Qf3 Ng5 23. Qe2 Ne4 24. O-O a6 25. Rac1 Qd6 26. f3 Nxg3 27. hxg3 Qxg3+ 28. Qg2 Qf4 29. Rf2 Bh4 30. Rcc2 Bxf2+ 31. Rxf2 Rh6 32. Kf1 Qc1+ 33. Ke2 Rh1 34. Kd3 Qb1+ 35. Ke3 Qc1+ 36. Kd3 Re1 37. Rc2 Qe3# 0-1

[Event "Madrid-ch Previa-A"]
[Site "Madrid"]
[Date "2025.02.05"]
[Round "3.22"]
[White "Hetz, Robert"]
[Black "Olmos Sanz, Francisco J"]
[Result "1/2-1/2"]
[WhiteElo "1825"]
[BlackElo "1717"]
[PlyCount "116"]
[GameId "2145096749015542"]
[EventDate "2025.02.03"]
[EventType "swiss"]
[EventRounds "9"]
[EventCountry "ESP"]

1. d4 f5 2. g3 Nf6 3. Bg2 e6 4. c4 c6 5. Nh3 g6 6. O-O Bg7 7. Nc3 O-O 8. Bf4 d5 9. b3 Nbd7 10. f3 Qe8 11. Bd6 Rf7 12. Ng5 e5 13. cxd5 exd4 14. dxc6 Qe3+ 15. Kh1 Qxg5 16. cxd7 Bxd7 17. Bf4 Qh5 18. Na4 Nd5 19. Qd2 Bc6 20. Rad1 Re8 21. Rfe1 Nxf4 22. Qxf4 Be5 23. Qh4 Qxh4 24. gxh4 h6 25. Nb2 Rfe7 26. Nc4 Bf6 27. e4 Bxh4 28. Rf1 fxe4 29. fxe4 b5 30. Nd6 Rd8 31. Rxd4 Bg5 32. Nxb5 Rxd4 33. Nxd4 Bb7 34. Re1 Bf6 35. Nb5 a5 36. Nd6 Ba6 37. Nc4 Bc3 38. Rd1 a4 39. Rd6 Bxc4 40. bxc4 Rb7 41. Rd1 Rb2 42. c5 Rxa2 43. e5 Ra1 44. Bd5+ Kf8 45. Rxa1 Bxa1 46. e6 Ke7 47. Kg2 Be5 48. h3 g5 49. Kf3 h5 50. Ke4 Bc7 51. Kf5 g4 52. hxg4 hxg4 53. Kxg4 a3 54. Kf5 Ba5 55. Ke4 Bc3 56. Kd3 Bb2 57. Kc2 Bg7 58. Kb3 Bb2 1/2-1/2

[Event "Madrid-ch Previa-A"]
[Site "Madrid"]
[Date "2025.02.05"]
[Round "3.23"]
[White "Garcia Gonzalez, Pedro A"]
[Black "Jimenez Jimenez, Darfo"]
[Result "0-1"]
[WhiteElo "1816"]
[BlackElo "1710"]
[PlyCount "74"]
[GameId "2145101387084543"]
[EventDate "2025.02.03"]
[EventType "swiss"]
[EventRounds "9"]
[EventCountry "ESP"]

1. d4 Nf6 2. Nf3 d6 3. Nbd2 g6 4. e4 Bg7 5. c3 O-O 6. Bd3 Nbd7 7. O-O Nh5 8. Re1 e5 9. Nc4 Nb6 10. Ne3 Nf4 11. Bf1 exd4 12. Nxd4 Qg5 13. Qf3 Ne6 14. Nd5 Qd8 15. Nxb6 axb6 16. Be3 Ra5 17. a3 Ng5 18. Bxg5 Rxg5 19. Qe3 Bh6 20. Qd3 Bg4 21. Be2 Bd7 22. Rad1 Re5 23. Nf3 Ree8 24. e5 Ba4 25. Rb1 d5 26. b3 Bc6 27. Rbd1 Qe7 28. b4 Ba4 29. Rb1 c6 30. c4 Rd8 31. Qc3 d4 32. Qd3 c5 33. bxc5 bxc5 34. Bd1 Bc6 35. Bc2 Ra8 36. Rb3 Ra7 37. Reb1 Rfa8 0-1

[Event "Madrid-ch Previa-A"]
[Site "Madrid"]
[Date "2025.02.05"]
[Round "3.24"]
[White "Quintans Cunha, Guillerme"]
[Black "Melgar Morraja, Mateo"]
[Result "1/2-1/2"]
[WhiteElo "1685"]
[BlackElo "1812"]
[PlyCount "135"]
[GameId "2145113014813467"]
[EventDate "2025.02.03"]
[EventType "swiss"]
[EventRounds "9"]
[EventCountry "ESP"]

1. e4 e6 2. d4 d5 3. Nc3 Bb4 4. exd5 exd5 5. Nf3 Ne7 6. Bd3 Bf5 7. O-O Nbc6 8. Bf4 Qd7 9. Nb5 Ba5 10. Qe2 Bxd3 11. Qxd3 f6 12. c3 g5 13. Bxg5 fxg5 14. Nxg5 Qg4 15. Nh3 Rg8 16. Qg3 Qd7 17. Qf3 O-O-O 18. Nf4 Rdf8 19. Qe3 Qg4 20. Qe6+ Qxe6 21. Nxe6 Rf6 22. Nc5 Bb6 23. Nd3 a6 24. Na3 Ng6 25. Kh1 Re8 26. Rae1 Rfe6 27. Rxe6 Rxe6 28. f4 Rf6 29. g3 Nce7 30. Nc2 c6 31. Ne5 c5 32. Nxg6 Nxg6 33. Ne3 cxd4 34. Nxd5 Rd6 35. Nxb6+ Rxb6 36. cxd4 Kd7 37. f5 Rf6 38. Kg2 Ne7 39. g4 Kd6 40. Kf3 Nxf5 41. gxf5 Rxf5+ 42. Ke2 Rxf1 43. Kxf1 Kd5 44. Ke2 Kxd4 45. Kd2 b6 46. b3 b5 47. a3 a5 48. a4 bxa4 49. bxa4 Kc4 50. Kc2 Kb4 51. Kd3 Kxa4 52. Kc4 Ka3 53. Kc3 a4 54. Kc2 Kb4 55. Kb2 h5 56. h4 Kc4 57. Ka3 Kd4 58. Kxa4 Ke4 59. Kb3 Kf4 60. Kc3 Kg4 61. Kd3 Kxh4 62. Ke2 Kg3 63. Kf1 Kh2 64. Kf2 h4 65. Kf3 Kh3 66. Kf2 Kh2 67. Kf1 Kh3 68. Kg1 1/2-1/2

[Event "Madrid-ch Previa-A"]
[Site "Madrid"]
[Date "2025.02.05"]
[Round "3.25"]
[White "Vukotic Jovsic, Dragan"]
[Black "Martinez Miura, Enrique"]
[Result "1-0"]
[WhiteElo "1812"]
[BlackElo "1685"]
[PlyCount "71"]
[GameId "2145115345433386"]
[EventDate "2025.02.03"]
[EventType "swiss"]
[EventRounds "9"]
[EventCountry "ESP"]

1. Nf3 d5 2. d4 Nf6 3. c4 e6 4. Nc3 Be7 5. Bg5 O-O 6. e3 c6 7. Rc1 Nbd7 8. a3 b6 9. b4 dxc4 10. Bxc4 b5 11. Ba2 Bb7 12. O-O a5 13. Qb3 axb4 14. axb4 Nb6 15. Bxf6 Bxf6 16. Ne4 Be7 17. Ne5 Qd5 18. Qxd5 exd5 19. Nc5 Bxc5 20. dxc5 Nc4 21. Bxc4 bxc4 22. Nd7 Rfd8 23. Nb6 Ra2 24. Rfd1 Ba6 25. Nxc4 Bxc4 26. Rxc4 Rb8 27. Rcd4 f5 28. Rb1 Rba8 29. b5 Rb2 30. Rdd1 Rxb1 31. Rxb1 cxb5 32. Kf1 Rc8 33. Rxb5 Rc6 34. Ke2 Kf7 35. Kd3 Rc8 36. Kd4 1-0

[Event "Madrid-ch Previa-A"]
[Site "Madrid"]
[Date "2025.02.05"]
[Round "3.26"]
[White "Aquilino Rodriguez, Virgilio"]
[Black "Iribarren Galarza, Aritz"]
[Result "0-1"]
[WhiteElo "1675"]
[BlackElo "1810"]
[PlyCount "42"]
[GameId "2145116323631929"]
[EventDate "2025.02.03"]
[EventType "swiss"]
[EventRounds "9"]
[EventCountry "ESP"]

1. d4 Nf6 2. c4 g6 3. Nc3 Bg7 4. g3 O-O 5. Bg2 d6 6. Nf3 Nbd7 7. O-O c5 8. dxc5 Nxc5 9. b3 Nfe4 10. Nxe4 Bxa1 11. Bh6 Bg7 12. Bxg7 Kxg7 13. Qd4+ Kg8 14. Nc3 f6 15. Rd1 Bd7 16. b4 Ne6 17. Qd5 Qc8 18. Nd4 Kh8 19. Bh3 Nc7 20. Bxd7 Nxd5 21. Bxc8 Nxc3 0-1

[Event "Madrid-ch Previa-A"]
[Site "Madrid"]
[Date "2025.02.05"]
[Round "3.27"]
[White "Garcia Diez, Mariano"]
[Black "Munoz Rodriguez, Blas"]
[Result "1-0"]
[WhiteElo "1805"]
[BlackElo "1683"]
[PlyCount "59"]
[GameId "2145116752106312"]
[EventDate "2025.02.03"]
[EventType "swiss"]
[EventRounds "9"]
[EventCountry "ESP"]

1. Nf3 d5 2. d4 Nf6 3. e3 e6 4. Bd3 c5 5. b3 cxd4 6. exd4 Bb4+ 7. c3 Bd6 8. O-O Qc7 9. c4 b6 10. Bb2 Ba6 11. Nbd2 Bb7 12. Re1 O-O 13. Rc1 Nc6 14. Ne5 Qe7 15. cxd5 Nb4 16. dxe6 fxe6 17. Bb1 Nbd5 18. Nec4 Bc7 19. g3 Nd7 20. Ba3 Qf6 21. Bxf8 Rxf8 22. Qe2 Qxd4 23. Qxe6+ Kh8 24. Ne4 Nc3 25. Ne3 Nxb1 26. Rxc7 Bxe4 27. Qxd7 Qb2 28. Nd1 Qf6 29. Rxe4 Qa1 30. Re8 1-0